[Event "IND-ch (Women) 48th"]
[Site "Hatkanangale"]
[Date "2022.12.29"]
[Round "4"]
[White "Bajaj, Shraddha"]
[Black "Mrittika, Mallick"]
[Result "0-1"]
[WhiteElo "1406"]
[BlackElo "1867"]
[PlyCount "86"]
[EventDate "2022.12.26"]
[EventType "swiss"]
[EventRounds "11"]
[EventCountry "IND"]
[SourceTitle "CBM 212 Extra"]
[Source "ChessBase"]
[SourceDate "2023.03.31"]
[SourceVersion "1"]
[SourceVersionDate "2023.03.31"]
[SourceQuality "1"]

1. e4 c5 2. Nf3 d6 3. Bb5+ Nd7 4. 0-0 a6 5. Bxd7+ Bxd7 6. c3 Nf6 7. Re1 e6 8. d4 Be7 9. Bf4 Bc6 10. Nbd2 0-0 11. Bxd6 Bxd6 12. e5 Bc7 13. exf6 Qxf6 14. Ne5 cxd4 15. cxd4 Bxe5 16. dxe5 Qg6 17. f3 Rad8 18. Qe2 Bb5 19. Qf2 Rd5 20. f4 Bd3 21. Re3 h6 22. Nf3 Qg4 23. Nh4 g5 24. fxg5 hxg5 25. Nf3 Bg6 26. Rc1 Rfd8 27. Rec3 Rd1+ 28. Rxd1 Rxd1+ 29. Ne1 Qf4 30. Qe2 Qd4+ 31. Qe3 Qxe3+ 32. Rxe3 Rd2 33. a3 g4 34. Kf1 Bf5 35. Rg3 Kf8 36. h3 gxh3 37. gxh3 Rh2 38. Nd3 Rxh3 39. Rxh3 Bxh3+ 40. Kf2 b6 41. Nb4 a5 42. Nd3 Ke7 43. Ke3 Bf1 0-1

[Event "IND-ch (Women) 48th"]
[Site "Hatkanangale"]
[Date "2022.12.28"]
[Round "3"]
[White "Mrittika, Mallick"]
[Black "Saniya, Rafique Tadavi"]
[Result "0-1"]
[WhiteElo "1867"]
[BlackElo "1569"]
[PlyCount "90"]
[EventDate "2022.12.26"]
[EventType "swiss"]
[EventRounds "11"]
[EventCountry "IND"]
[SourceTitle "CBM 212 Extra"]
[Source "ChessBase"]
[SourceDate "2023.03.31"]
[SourceVersion "1"]
[SourceVersionDate "2023.03.31"]
[SourceQuality "1"]

1. e4 c5 2. Nf3 d6 3. Bb5+ Bd7 4. Bxd7+ Qxd7 5. c4 e5 6. Nc3 Nc6 7. a3 Be7 8. Rb1 Bd8 9. d3 Nge7 10. 0-0 0-0 11. b4 b6 12. Be3 f5 13. exf5 Nxf5 14. Nd5 Nce7 15. Nxe7+ Bxe7 16. bxc5 bxc5 17. Rb5 a6 18. Rb6 Bd8 19. Rb3 Qa4 20. Qb1 Nxe3 21. fxe3 e4 22. Nd2 Rxf1+ 23. Kxf1 exd3 24. Qxd3 Ra7 25. Ke2 Qd7 26. Qe4 g6 27. Nf3 Kg7 28. Qd5 Bf6 29. h3 Qa4 30. Rb8 Rf7 31. Qd3 Re7 32. g4 d5 33. Qxd5 Qc2+ 34. Kf1 Qc1+ 35. Kg2 Qxe3 36. Rg8+ Kh6 37. g5+ Bxg5 38. Qxg5+ Qxg5+ 39. Nxg5 Kxg5 40. Rc8 Kf4 41. Kf2 Re5 42. Rc6 Ke4 43. Rxa6 Kd3 44. Rb6 Kxc4 45. a4 Kc3 0-1

[Event "IND-ch (Women) 48th"]
[Site "Hatkanangale"]
[Date "2022.12.26"]
[Round "1"]
[White "Mrittika, Mallick"]
[Black "Pratiti, Khandelwal"]
[Result "1-0"]
[WhiteElo "1867"]
[BlackElo "1238"]
[PlyCount "103"]
[EventDate "2022.12.26"]
[EventType "swiss"]
[EventRounds "11"]
[EventCountry "IND"]
[SourceTitle "CBM 212 Extra"]
[Source "ChessBase"]
[SourceDate "2023.03.31"]
[SourceVersion "1"]
[SourceVersionDate "2023.03.31"]
[SourceQuality "1"]

1. e4 c5 2. Nf3 Nc6 3. Bb5 g6 4. 0-0 Bg7 5. c3 Nf6 6. Re1 0-0 7. d4 cxd4 8. cxd4 a6 9. Bxc6 dxc6 10. h3 Qc7 11. Nc3 h6 12. e5 Nd5 13. Nxd5 cxd5 14. Qb3 Be6 15. Bd2 b6 16. Rac1 Qb7 17. a4 Rfc8 18. Ba5 Rab8 19. Rxc8+ Qxc8 20. Bxb6 a5 21. Qb5 Qb7 22. Bxa5 Qxb5 23. axb5 Rxb5 24. b4 Bd7 25. Rc1 Rb7 26. Nd2 e6 27. Nb3 Bf8 28. Nc5 Bxc5 29. dxc5 Bc6 30. Bb6 d4 31. Kf1 d3 32. Ke1 Bxg2 33. Kd2 Be4 34. Ke3 Bc6 35. Kxd3 Bb5+ 36. Kc2 Kf8 37. Ra1 Ke7 38. Ra5 Bf1 39. h4 g5 40. hxg5 hxg5 41. b5 Bg2 42. Kc3 f5 43. exf6+ Kxf6 44. Bd8+ Kg6 45. c6 Rf7 46. c7 Bb7 47. Ra7 Bc8 48. Ra8 Bb7 49. Rb8 Rf3+ 50. Kb4 Rf4+ 51. Ka5 Rxf2 52. Rxb7 1-0

[Event "IND-ch U15 Girls 38th"]
[Site "New Delhi"]
[Date "2022.12.06"]
[Round "11"]
[White "Pragnya, HG."]
[Black "Mrittika, Mallick"]
[Result "1/2-1/2"]
[WhiteElo "1640"]
[BlackElo "1867"]
[PlyCount "86"]
[EventDate "2022.11.28"]
[EventType "swiss"]
[EventRounds "11"]
[EventCountry "IND"]
[SourceTitle "EXT 2024"]
[Source "ChessBase"]
[SourceDate "2023.10.10"]
[SourceVersion "1"]
[SourceVersionDate "2023.10.10"]
[SourceQuality "1"]

1. e4 c6 2. d4 d5 3. e5 c5 4. dxc5 e6 5. a3 Bxc5 6. b4 Bb6 7. Nf3 Ne7 8. Bd3 Ng6 9. 0-0 Nc6 10. Bb2 0-0 11. Re1 Nce7 12. g3 Nf5 13. Nc3 Nh6 14. Na4 Bc7 15. Qe2 Qe8 16. Nc5 Bb6 17. Bd4 Nf5 18. Bxf5 exf5 19. h4 f4 20. h5 Ne7 21. h6 gxh6 22. e6 fxg3 23. fxg3 Bxc5 24. bxc5 f6 25. Nh4 h5 26. Qe3 Qa4 27. Re2 Nc6 28. Bxf6 Qg4 29. Rf1 d4 30. Qg5+ Qxg5 31. Bxg5 Rxf1+ 32. Kxf1 b6 33. Nf5 Ba6 34. cxb6 axb6 35. e7 Bxe2+ 36. Kxe2 Kf7 37. Nd6+ Kg6 38. Bh4 Nxe7 39. Bxe7 Rxa3 40. Bh4 Rc3 41. Kd2 Rc6 42. Nb5 Rc8 43. Nxd4 Rc5 1/2-1/2

[Event "IND-ch U15 Girls 38th"]
[Site "New Delhi"]
[Date "2022.12.05"]
[Round "10"]
[White "Mrittika, Mallick"]
[Black "Aadya, Gupta"]
[Result "1-0"]
[WhiteElo "1867"]
[BlackElo "1350"]
[PlyCount "75"]
[EventDate "2022.11.28"]
[EventType "swiss"]
[EventRounds "11"]
[EventCountry "IND"]
[SourceTitle "CBM 211 Extra"]
[Source "ChessBase"]
[SourceDate "2023.01.31"]
[SourceVersion "1"]
[SourceVersionDate "2023.01.31"]
[SourceQuality "1"]

1. e4 e5 2. Nf3 Nc6 3. Bc4 Bc5 4. d3 Nf6 5. 0-0 d6 6. c3 a6 7. a4 h6 8. Be3 Ba7 9. Bxa7 Rxa7 10. Nbd2 0-0 11. Re1 Nh5 12. Nf1 Nf4 13. Ne3 Qf6 14. Nd5 Nxd5 15. exd5 Ne7 16. d4 exd4 17. Qxd4 Qxd4 18. Nxd4 Ng6 19. h4 Ra8 20. h5 Ne5 21. Be2 Bg4 22. f4 Bxe2 23. fxe5 Bg4 24. exd6 cxd6 25. Re7 Rab8 26. Rae1 Rfd8 27. Rc7 Rd7 28. Re7 Rxe7 29. Rxe7 Kf8 30. Rc7 Ke8 31. b4 Bxh5 32. b5 Bd1 33. a5 Ba4 34. c4 axb5 35. cxb5 Ra8 36. a6 Bxb5 37. axb7 Rd8 38. Rc8 1-0

[Event "World ol U16"]
[Site "Nakhchivan"]
[Date "2022.10.07"]
[Round "6.4"]
[White "Amilal, Munkhdalai"]
[Black "Mrittika, Mallick"]
[Result "0-1"]
[WhiteElo "2137"]
[BlackElo "1845"]
[PlyCount "112"]
[EventDate "2022.10.02"]
[EventType "team-swiss"]
[EventRounds "9"]
[EventCountry "AZE"]
[SourceTitle "CBM 210 Extra"]
[Source "ChessBase"]
[SourceDate "2022.11.30"]
[SourceVersion "1"]
[SourceVersionDate "2022.11.30"]
[SourceQuality "1"]
[WhiteTeam "Mongolia"]
[BlackTeam "India"]
[WhiteTeamCountry "MGL"]
[BlackTeamCountry "IND"]

1. e4 c5 2. Nf3 d6 3. d4 cxd4 4. Qxd4 e5 5. Bb5+ Nd7 6. Qd3 a6 7. Bc4 Nc5 8. Qe2 h6 9. Nc3 Nf6 10. 0-0 Be7 11. Rd1 Qc7 12. Nd5 Nxd5 13. Bxd5 0-0 14. Be3 Nd7 15. Nd2 Nf6 16. c4 Nxd5 17. exd5 f5 18. f4 exf4 19. Bxf4 Bf6 20. Nb3 Qb6+ 21. Kh1 Bd7 22. Rac1 Rae8 23. Qf3 Ba4 24. Qg3 Bxb3 25. Qxb3 Qxb3 26. axb3 Be5 27. Bxe5 Rxe5 28. Rd2 Re3 29. b4 Rc8 30. Rdc2 Rb3 31. c5 Rxb4 32. cxd6 Rxc2 33. Rxc2 Rd4 34. Rc8+ Kh7 35. h3 Rxd5 36. Rb8 b5 37. Rb6 a5 38. d7 b4 39. Rb5 Rxd7 40. Rxa5 Kg6 41. Rb5 Rd4 42. Kh2 Kf6 43. Rb6+ Ke5 44. Rg6 Rd2 45. Rxg7 Rxb2 46. Rh7 f4 47. Re7+ Kf6 48. Re8 b3 49. h4 Rc2 50. Rb8 b2 51. Kh3 Kf5 52. h5 Ke4 53. Rb4+ Ke3 54. Rb3+ Kd2 55. Kg4 Kc1 56. Kxf4 Rxg2 0-1

[Event "Wch U14 Girls"]
[Site "Mamaia"]
[Date "2022.09.15"]
[Round "10"]
[White "Mrittika, Mallick"]
[Black "Abdinova, Narmin"]
[Result "1/2-1/2"]
[WhiteElo "1845"]
[BlackElo "1740"]
[PlyCount "89"]
[EventDate "2022.09.06"]
[EventType "swiss"]
[EventRounds "11"]
[EventCountry "ROU"]
[SourceTitle "CBM 210 Extra"]
[Source "ChessBase"]
[SourceDate "2022.11.30"]
[SourceVersion "1"]
[SourceVersionDate "2022.11.30"]
[SourceQuality "1"]

1. e4 c5 2. Nf3 Nf6 3. e5 Nd5 4. Nc3 e6 5. Nxd5 exd5 6. d4 Nc6 7. dxc5 Bxc5 8. Bd3 d6 9. exd6 Qxd6 10. 0-0 0-0 11. Re1 Bd7 12. Be3 d4 13. Bd2 h6 14. Nh4 Qf6 15. Qh5 Be7 16. Nf3 Bb4 17. Bxb4 Nxb4 18. Qc5 Nxd3 19. cxd3 Bf5 20. Ne5 Rfd8 21. Qc7 Be6 22. Nf3 Bd5 23. Qe5 Qxe5 24. Rxe5 f6 25. Re7 Kf8 26. Rae1 Bxf3 27. gxf3 Re8 28. Rxe8+ Rxe8 29. Rc1 Re2 30. Rc8+ Kf7 31. Rc7+ Re7 32. Rc4 Rd7 33. Kg2 b6 34. Rc6 Kg6 35. f4 Kf5 36. Kf3 g5 37. fxg5 hxg5 38. b4 Rh7 39. Kg2 g4 40. b5 Ke5 41. a4 Rh3 42. a5 bxa5 43. Ra6 Rxd3 44. Rxa5 Ke4 45. Rxa7 1/2-1/2

[Event "Wch U14 Girls"]
[Site "Mamaia"]
[Date "2022.09.10"]
[Round "5"]
[White "Anupam, M Sreekumar"]
[Black "Mrittika, Mallick"]
[Result "0-1"]
[WhiteElo "1627"]
[BlackElo "1845"]
[PlyCount "90"]
[EventDate "2022.09.06"]
[EventType "swiss"]
[EventRounds "11"]
[EventCountry "ROU"]
[SourceTitle "CBM 210 Extra"]
[Source "ChessBase"]
[SourceDate "2022.11.30"]
[SourceVersion "1"]
[SourceVersionDate "2022.11.30"]
[SourceQuality "1"]

1. e4 c5 2. Nf3 a6 3. c4 Nc6 4. Nc3 e5 5. d3 d6 6. Be2 f5 7. exf5 Bxf5 8. Bg5 Be7 9. Nh4 Be6 10. Bxe7 Ngxe7 11. Bh5+ g6 12. Bg4 Qd7 13. h3 0-0 14. Ne4 Nd4 15. 0-0 Nec6 16. a3 Rae8 17. g3 Qd8 18. Bxe6+ Rxe6 19. Qg4 Kg7 20. Kh2 h5 21. Qg5 Qxg5 22. Nxg5 Re7 23. Ne4 Rd8 24. f4 exf4 25. gxf4 Nf5 26. Nxf5+ gxf5 27. Rg1+ Kf7 28. Ng5+ Kf6 29. Rg2 Nd4 30. Rag1 h4 31. Rf1 Rde8 32. b4 Rd7 33. Nf3 Nxf3+ 34. Rxf3 Re1 35. Rd2 cxb4 36. axb4 Rb1 37. b5 axb5 38. cxb5 Rxb5 39. d4 Rc7 40. Rf1 Rc3 41. Re1 Rbb3 42. Rde2 Rxh3+ 43. Kg2 Rbg3+ 44. Kf2 Rh2+ 45. Kf1 Rf3+ 0-1